000 00594nam a2200181Ia 4500
008 090630s9999 xx 000 0 und d
082 _b16533
100 _aअत्रे प्र. के.
245 _aझालाच पाहिजे !.
_cअत्रे प्र. के.
260 _bडिंपल - वसई.
300 _a0
600 _aअत्रे प्र. के.
630 _aझालाच पाहिजे !.
655 _aइतर.
700 _aअत्रे प्र. के.
730 _aझालाच पाहिजे !.
942 _cBOOK
999 _c268389
_d268389